| 000 | 01123nam a22002897a 4500 | ||
|---|---|---|---|
| 999 |
_c19388 _d19388 |
||
| 003 | AR-CdUCM | ||
| 008 | 190225b ||||| |||| 00| 0 spa d | ||
| 040 |
_aMUNICIPALIDAD PROVINCIAL DEL CUSCO _cBIBLIOTECA MUNICIPAL DEL CUSCO |
||
| 082 |
_a980 / _bF34 |
||
| 110 |
_aAcademia de Ciencias de la URRS _92868 |
||
| 245 |
_aLos Pueblos autóctonos de América Latina : _bPasado y presente / |
||
| 260 |
_aMoscú : _bAcademia de Ciencias de la URSS, _c1984. |
||
| 300 |
_a2 tomos ; _c21 cm. |
||
| 440 |
_aEstudios de científicos soviéticos ; _n19 _940700 |
||
| 505 | _aContenido: t.2. Los indígenas de América: vías de esclavización, vías de liberación -- Archivos de las expediciones rusas a Sudamérica -- Los indígenas de Brasil visto desde una perspectiva histórica. | ||
| 650 |
_aHistoria _9136 |
||
| 650 |
_aAmérica Latina _91130 |
||
| 650 |
_aMaya _92869 |
||
| 650 |
_aAzteca _9674 |
||
| 650 |
_aGuatemala _92870 |
||
| 650 |
_aNicaragua _92871 |
||
| 700 |
_aFedoseev, P. _92872 |
||
| 700 |
_aGrigulevich, J. _92873 |
||
| 700 |
_aMaiorov, E. _92874 |
||
| 942 |
_2ddc _cLIBROS |
||
| 945 |
_aacv _d2019-05-17 |
||